| 000 | 01039nam a2200265 a 4500 | ||
|---|---|---|---|
| 001 | 000023171 | ||
| 005 | 20200930022032.0 | ||
| 008 | 101129s1986 mx c r 001 0 spa d | ||
| 020 | _a9681621980 | ||
| 040 |
_aDO-SdBNP _bspa _cBNPHU |
||
| 041 | 1 | 7 |
_aspa _heng _2Código de idiomas MARC |
| 082 |
_annnn _bB296u |
||
| 100 | 1 |
_aBarzun, Jacques, _d1907- _947702 |
|
| 240 | 1 | 0 |
_aA stroll with William James. _lEspañol. |
| 245 | 1 | 0 |
_aUn paso con Wiliam James / _cJacques Barzun ; traducción de Juan José Utrilla. |
| 260 |
_aMéxico : _bFondo de Cultura Económica, _c1986. |
||
| 300 |
_a351 p. : _bretr. ; _c23 cm. |
||
| 490 | 1 | _aBiblioteca de psicología y psicoanálisis | |
| 500 | _aIncluye índice | ||
| 504 | _aIncluye referencias bibliográficas y notas al pie de las páginas. | ||
| 534 |
_pTítulo originale en inglés. _tA stroll with William James. _cNueva York : Harper & Row, 1983. _z0060150904 |
||
| 700 | 1 |
_aUltrilla, Juan José, _etr. _947703 |
|
| 830 | 0 |
_aBiblioteca de psicología y psicoanálisis _947704 |
|
| 049 | _aBNGR | ||
| 999 |
_c22668 _d22668 |
||